000 00929nam a2200277Ia 4500
005 20220316235655.0
008 121119s2005 ck gr 000 j spa
020 _a9580507996
041 0 _aspa
100 1 _aMadrid-Malo, Mireya
245 1 0 _aDoce cuentos para un sueño
_cMireya Madrid-Malo ; ilustraciones, Alfredo Castellote C. y Mario Duarte
250 _aPrimera edición
300 _a118 páginas
_c20 cm
650 1 4 _aCuentos infantiles colombianos
_2LEMB
650 1 4 _aEnanos
_xCuentos infantiles
_2LEMB
650 1 4 _aMariposas
_xCuentos infantiles
_2LEMB
700 1 _aCastellote C., Alfredo
_eilustrador
_940171
700 1 _aDuarte, Mario
_eilustrador
_940172
942 _2loc
_cBKINF
264 _aBogotá
_bEducar
_c2005
336 _atexto
_btxt
_2rdacontent
337 _asin mediación
_bn
_2rdamedia
338 _avolumen
_bnc
_2rdacarrier
040 _aCO-BoRNBP
_bspa
_erda
_cCO-BoRNBP
084 _aC MAD1
999 _c1776
_d1776